000 00689nam a2200205Ia 4500
003 GCL
008 140319s9999 xx 000 0 ara d
040 _aGCL /
_cGCL
082 0 4 _aق
_b923.7
_bك ح
100 1 _aكراتشكوفسكى اغناطيوس يوليانوفي
245 1 0 _aحياة الشيخ محمد عياد الطنطاوى /
_cكراتشكوفسكى اغناطيوس يوليانوفي
700 1 _aكلثوم عودة
700 1 _aعبدالحميد حسن (محقق)
700 1 _aمحمد عبدالغنى حسن (محقق)
300 _a179 ص
490 _a
650 0 4 _aالتراجم
650 0 4 _aمحمد عياد الطنطاوى
942 _2ddc
_cBK
999 _c38430
_d38430